000 00691nam a2200217 i 4500
001 145986
003 ES-MaACL
005 20240529062946.0
007 t|
008 071018s1983 sp ||||1| spa d
020 _a84-7039-409-6
100 1 _aVega, Lope de,
_d1562-1635
_9113563
245 1 3 _aLa Gatomaquia /
_cLope de Vega ; edición, introducción y notas de Celina Sabot de Cortázar.
260 _aMadrid :
_bCastalia,
_c[1983]
300 _a228 p. :
_bil. ;
_c18 cm.
490 1 _aClásicos Castalia ;
_v131
700 1 _aSabot de Cortázar, Celina.
_9101214
830 0 _aClásicos Castalia ;
_v131
_9178595
852 _aES-MaACL
_jL-9014
_bR.110335
999 _c145986
_d145986